000 00681pam a2200241 a 4500
001 2370354
005 20250901165003.0
008 841114s1985 cau b 001 0 eng
020 _a0060640774 :
_c$13.95
020 _a9780060640774
050 0 0 _aBV4398
_b.H84 1985
082 0 0 _a253/.2
_219
100 1 _aHulme, William Edward,
_d1920-
245 1 0 _aManaging stress in ministry /
_cWilliam E. Hulme.
250 _a1st ed.
260 _aSan Francisco :
_bHarper & Row,
_cc1985.
300 _aix, 145 p. ;
_c22 cm.
500 _aIncludes index.
650 0 _aClergy
_xPsychology.
650 0 _aClergy
_xReligious life.
650 0 _aStress (Psychology)
942 _2lcc
_cBK
_n0
999 _c7427
_d7427